| 000 | 01159nam a2200253 i 4500 | ||
|---|---|---|---|
| 003 | EG-ScBUE | ||
| 005 | 20230604115833.0 | ||
| 008 | 100725s1964 ua a f b 000 0 ara d | ||
| 040 |
_aEG-ScBUE _bara _erda _cEG-ScBUE _dEG-ScBUE |
||
| 082 | 0 | 4 |
_222 _a745.5 _bر و ب |
| 100 | 1 |
_916754 _aروبرتسون، سيونايد ميري، _eمؤلف. |
|
| 245 | 1 | 2 |
_aالأشغال الفنية والثقافة المعاصرة / _cتأليف سيونايد ميري روبرتسون ؛ ترجمة دكتور محمد خليفة بركات ؛ راجعه مصطفى حبيب. |
| 264 | 1 |
_aالقاهرة : _bمؤسسة سجل العرب، _c1964. |
|
| 300 |
_a268 صفحة ؛ _bإيضاحيات : _c24 سم. |
||
| 490 | 0 |
_aالألف كتاب ؛ _v516 |
|
| 504 | _aيشتمل على إرجاعات ببليوجرافية. | ||
| 541 |
_aألف باء ؛ _cشراء ؛ |
||
| 650 | 7 |
_916756 _aالحرف اليدوية. _2BUEsh |
|
| 650 | 7 |
_916757 _aالصناعات اليدوية. _2BUEsh |
|
| 655 | _vReading book | ||
| 700 | 1 |
_914945 _aبركات، محمد خليفة، _eمترجم. |
|
| 700 | 1 |
_916755 _aحبيب، مصطفى، _eمراجع. |
|
| 942 |
_2ddc _cBB |
||
| 999 |
_c14538 _d14538 |
||